01009cam a22002894a 45000010009000000050017000090080041000260100017000670200018000840200016001020400018001180420008001360500021001440820019001651000029001842450071002132500031002842600051003153000035003665000020004015040064004216500021004857000054005069420012005609990017005729520130005891307627220050421100806.0030131s2004 nyua b 001 0 eng  a 2003042609 a9781435486164 a1435486161. aDLCcDLCdDLC apcc00aTP1120b.L6 200400a668.4221bLOK1 aLokensgard, Erik.91161910aIndustrial plastics :btheory and applications /cErik Lokensgard. a5th ed.bInternational ed. aAlbany, NY :bThomson Delmar Learning,cc2010. axvii, 538 p. :bill. ;c28 cm. aIncludes Index. aIncludes bibliographical references (p. 517-519) and index. 0aPlastics.9116201 aRichardson, Terry L.tIndustrial plastics.911621 2ddccBB c13448d13448 00102ddc40708AlahramaMAINbMAINc1STd2010-02-22epurchaseg470.50h27l0o668.4 LOKp000019913r2025-07-15 00:00:00yBB